[Event "Rio de Janeiro op 2nd"]
[Site "Rio de Janeiro"]
[Date "2023.05.04"]
[Round "4"]
[White "Santiago, Yago de Moura"]
[Black "Da Silva, Paolo Ghiu M Rego"]
[Result "1-0"]
[WhiteElo "2471"]
[BlackElo "2149"]
[PlyCount "91"]
[EventDate "2023.05.02"]
[EventType "swiss"]
[EventRounds "9"]
[EventCountry "BRA"]
[SourceTitle "CBM 214 Extra"]
[Source "ChessBase"]
[SourceDate "2023.07.31"]
[SourceVersion "1"]
[SourceVersionDate "2023.07.31"]
[SourceQuality "1"]

1. d4 d5 2. c4 e6 3. Nf3 Nf6 4. Nc3 Bb4 5. e3 0-0 6. Bd2 a6 7. Qc2 Nbd7 8. cxd5 exd5 9. Bd3 Re8 10. a3 Bd6 11. g4 h6 12. Rg1 c6 13. h4 Qe7 14. g5 hxg5 15. Nxg5 Nf8 16. 0-0-0 Bg4 17. Rde1 Bh5 18. Kb1 c5 19. dxc5 Bxc5 20. Ne2 Bxe2 21. Rxe2 Rac8 22. Bc3 b5 23. Qd2 Rb8 24. Bd4 b4 25. a4 Bxd4 26. exd4 Qd6 27. Re3 Rxe3 28. fxe3 Re8 29. Nf3 a5 30. Ne5 N6d7 31. Qg2 g6 32. Nxd7 Qxd7 33. h5 Rxe3 34. hxg6 Rxd3 35. gxf7+ Kxf7 36. Qf1+ Ke8 37. Qxd3 Qxa4 38. Qf5 Nd7 39. Rg8+ Ke7 40. Qg5+ Kd6 41. Qg3+ Ke7 42. Qe3+ Kd6 43. Rc8 Qb5 44. Qh6+ Ke7 45. Qh7+ Kd6 46. Qg6+ 1-0

[Event "Copacabana Rio Masters"]
[Site "Copacabana"]
[Date "2022.05.14"]
[Round "5"]
[White "Viana, Dirceu"]
[Black "Da Silva, Paolo Ghiu M Rego"]
[Result "1-0"]
[WhiteElo "2170"]
[BlackElo "2124"]
[PlyCount "71"]
[EventDate "2022.05.10"]
[EventType "swiss"]
[EventRounds "6"]
[EventCountry "BRA"]
[SourceTitle "CBM 208 Extra"]
[Source "ChessBase"]
[SourceDate "2022.07.31"]
[SourceVersion "1"]
[SourceVersionDate "2022.07.31"]
[SourceQuality "1"]

1. e4 c5 2. Ne2 d6 3. g3 Nf6 4. Bg2 g6 5. c3 Bg7 6. d4 Qc7 7. 0-0 Bd7 8. h3 Bb5 9. Be3 Nbd7 10. Na3 Ba6 11. b4 Bxe2 12. Qxe2 0-0 13. bxc5 dxc5 14. e5 Ne8 15. Rab1 Rb8 16. Bg5 e6 17. Be7 Qa5 18. Nc4 Qa6 19. Rfe1 cxd4 20. cxd4 Nc7 21. Bxf8 Bxf8 22. Nd6 b5 23. Rec1 Qa5 24. Qc2 Ne8 25. Nxe8 Rxe8 26. Qc6 Rd8 27. Qc7 Qxc7 28. Rxc7 a6 29. Ra7 Nb8 30. Rc1 Ba3 31. Rcc7 Bb2 32. Rxf7 Bxd4 33. Rg7+ Kf8 34. Raf7+ Ke8 35. Rxh7 Bxe5 36. Be4 1-0

[Event "Copacabana Rio Masters"]
[Site "Copacabana"]
[Date "2022.05.11"]
[Round "2"]
[White "Da Silva, Paolo Ghiu M Rego"]
[Black "Di Berardino, Diego Rafael"]
[Result "0-1"]
[WhiteElo "2124"]
[BlackElo "2490"]
[PlyCount "120"]
[EventDate "2022.05.10"]
[EventType "swiss"]
[EventRounds "6"]
[EventCountry "BRA"]
[SourceTitle "CBM 208 Extra"]
[Source "ChessBase"]
[SourceDate "2022.07.31"]
[SourceVersion "1"]
[SourceVersionDate "2022.07.31"]
[SourceQuality "1"]

1. d4 Nf6 2. c4 g6 3. Nf3 Bg7 4. b3 0-0 5. Bb2 d6 6. e3 e5 7. dxe5 Nfd7 8. Be2 dxe5 9. Nc3 Nc6 10. Na4 Re8 11. 0-0 e4 12. Nd4 Nce5 13. Qc2 a6 14. c5 Nf6 15. Rfd1 Qe7 16. b4 Bg4 17. Bc3 Rad8 18. Nb2 Nd5 19. Be1 Bxe2 20. Qxe2 Qg5 21. Rab1 h5 22. Nc4 Nd3 23. Bd2 h4 24. h3 Bxd4 25. exd4 N3f4 26. Qg4 Qxg4 27. hxg4 Ne2+ 28. Kf1 Nec3 29. Bxc3 Nxc3 30. Rbc1 Nxa2 31. Rc2 Nxb4 32. Rb2 Nd3 33. Rxb7 Rxd4 34. Ne3 Nxc5 35. Rxc7 Rxd1+ 36. Nxd1 Ne6 37. Ra7 Nc5 38. Rc7 Nd3 39. Ra7 Re6 40. Nc3 e3 41. fxe3 Rxe3 42. Ne2 Re6 43. Rd7 Nc5 44. Rc7 Ne4 45. Nd4 Rd6 46. Nf3 Nd2+ 47. Ke2 Nxf3 48. Kxf3 Rd3+ 49. Kf4 h3 50. gxh3 Rxh3 51. Ra7 Ra3 52. g5 Ra1 53. Kg3 Kf8 54. Kf3 a5 55. Kg2 a4 56. Kh2 a3 57. Kg2 a2 58. Kh2 Ke8 59. Ra3 Ke7 60. Ra6 Kd7 0-1

[Event "Florianopolis op 6th"]
[Site "Florianopolis"]
[Date "2020.01.24"]
[Round "7"]
[White "Da Silva, Paolo Ghiu M Rego"]
[Black "Bernardes, Arthur Feliphe Stru"]
[Result "1-0"]
[WhiteElo "2171"]
[BlackElo "1828"]
[PlyCount "83"]
[EventDate "2020.01.20"]
[EventType "swiss"]
[EventRounds "10"]
[EventCountry "BRA"]
[SourceTitle "CBM 194 Extra"]
[Source "ChessBase"]
[SourceDate "2020.03.31"]
[SourceVersion "1"]
[SourceVersionDate "2020.03.31"]
[SourceQuality "1"]

1. d4 Nf6 2. c4 e5 3. dxe5 Ng4 4. Nf3 Bc5 5. e3 Nc6 6. Be2 0-0 7. Nc3 Ncxe5 8. b3 a5 9. h3 Nxf3+ 10. Bxf3 Ne5 11. Be4 f5 12. Bd5+ Kh8 13. g3 Ra6 14. Bb2 Rg6 15. Qc2 Qe7 16. 0-0-0 c6 17. Bg2 d6 18. Ne2 Bd7 19. Nf4 Rh6 20. h4 b5 21. cxb5 cxb5 22. Kb1 Rc8 23. Rc1 Qd8 24. Qd2 a4 25. Bd5 b4 26. Rhd1 Qa5 27. Nd3 Nc6 28. Bc4 axb3 29. axb3 Qa7 30. Nxc5 Qxc5 31. Ba6 Qb6 32. Bxc8 Bxc8 33. Qd4 Qxd4 34. Bxd4 Bb7 35. Kb2 Kg8 36. Rd2 Re6 37. Rc4 g6 38. Rdc2 d5 39. Rc5 Kf7 40. Rxd5 Re7 41. Rd6 Rc7 42. Bb6 1-0

[Event "BRA-ch sf1 80th"]
[Site "Rio de Janeiro"]
[Date "2013.11.02"]
[Round "5"]
[White "Sztokbant, Bernardo Vainzoff"]
[Black "Da Silva, Paolo Ghiu M Rego"]
[Result "0-1"]
[WhiteElo "2226"]
[BlackElo "2128"]
[PlyCount "84"]
[EventDate "2013.10.31"]
[EventType "swiss"]
[EventRounds "7"]
[EventCountry "BRA"]
[SourceTitle "EXT 2014"]
[Source "ChessBase"]
[SourceDate "2013.11.20"]
[SourceVersion "1"]
[SourceVersionDate "2013.11.20"]
[SourceQuality "1"]

1. e4 c5 2. Nf3 d6 3. d4 cxd4 4. Nxd4 Nf6 5. Nc3 g6 6. Be3 Bg7 7. f3 0-0 8. Qd2 Nc6 9. Bc4 Bd7 10. 0-0-0 Rc8 11. Bb3 Ne5 12. h4 Nc4 13. Bxc4 Rxc4 14. h5 Nxh5 15. g4 Nf6 16. Nde2 Re8 17. e5 Nxg4 18. fxg4 Bxg4 19. exd6 Qxd6 20. Rde1 Qxd2+ 21. Bxd2 h5 22. b3 Rc6 23. Nd5 Bf3 24. Nef4 Bxh1 25. Rxh1 e5 26. Re1 f5 27. a4 Kf7 28. Nh3 e4 29. c4 Be5 30. Kb1 Rd8 31. Rc1 a6 32. a5 Rcd6 33. Ng5+ Kg7 34. Be1 R8d7 35. Nb6 Bf4 36. Nxd7 Bxg5 37. Bc3+ Kh6 38. Ne5 Bxc1 39. Nf7+ Kh7 40. Nxd6 Bf4 41. Nxe4 fxe4 42. Be1 g5 0-1

[Event "Mogi das Cruzes op 09"]
[Site "Mogi das Cruzes"]
[Date "2013.09.29"]
[Round "7"]
[White "Da Silva, Paolo Ghiu M Rego"]
[Black "Capelo, Martinho Figueira"]
[Result "1-0"]
[WhiteElo "2128"]
[BlackElo "1817"]
[PlyCount "41"]
[EventDate "2013.09.26"]
[EventType "swiss"]
[EventRounds "7"]
[EventCountry "BRA"]
[SourceTitle "CBM 156 Extra"]
[Source "ChessBase"]
[SourceDate "2013.10.22"]
[SourceVersion "1"]
[SourceVersionDate "2013.10.22"]
[SourceQuality "1"]

1. d4 d5 2. c4 c6 3. Nf3 Nf6 4. Qc2 e6 5. g3 Nbd7 6. Nbd2 Bd6 7. Bg2 e5 8. dxe5 Nxe5 9. 0-0 0-0 10. b3 dxc4 11. Nxc4 Nxc4 12. Qxc4 Be6 13. Qc2 Bd5 14. Bb2 h6 15. Rad1 Qe7 16. Nh4 Rad8 17. Nf5 Qe6 18. f3 Be5 19. e4 Bxb2 20. Qxb2 c5 21. Bh3 1-0

[Event "Rio de Janeiro op UERJ 60 anos"]
[Site "Rio de Janeiro"]
[Date "2010.12.04"]
[Round "4.3"]
[White "Rodi, Luis Ernesto"]
[Black "Da Silva, Paolo Ghiu M Rego"]
[Result "1/2-1/2"]
[WhiteElo "2320"]
[BlackElo "2096"]
[PlyCount "147"]
[EventDate "2010.12.02"]
[EventType "swiss"]
[EventRounds "6"]
[EventCountry "BRA"]
[SourceTitle "EXT 2022"]
[Source "ChessBase"]
[SourceDate "2021.10.06"]
[SourceVersion "1"]
[SourceVersionDate "2021.10.06"]
[SourceQuality "1"]

1. e4 c5 2. Nc3 Nc6 3. Bb5 Nd4 4. Bc4 g6 5. Nf3 Bg7 6. Nxd4 cxd4 7. Qf3 e6 8. Nb5 d6 9. Qa3 Ke7 10. c3 Qb6 11. cxd4 Bxd4 12. Nxd4 Qxd4 13. d3 Qc5 14. Qc3 Qe5 15. Qa3 Nf6 16. Bd2 Rd8 17. h3 Bd7 18. Be3 b5 19. Bb3 a5 20. Bd1 b4 21. Qb3 Rab8 22. Be2 a4 23. Qc2 Rdc8 24. Qd2 b3 25. f4 Qb5 26. axb3 Qxb3 27. Bd4 Rc2 28. Qe3 Rbc8 29. 0-0 R2c7 30. Qf2 Qb4 31. f5 gxf5 32. Bxf6+ Kxf6 33. Qh4+ Kg7 34. Qg5+ Kf8 35. exf5 exf5 36. Qh6+ Kg8 37. Rf3 Qxb2 38. Raf1 a3 39. Qxd6 Rc6 40. Rg3+ Kh8 41. Qxd7 R6c7 42. Qxf5 a2 43. d4 Qxd4+ 44. Kh2 a1Q 45. Rxa1 Qxa1 46. Bd3 f6 47. Re3 Rf8 48. Re6 Rg7 49. Be4 Qc3 50. Bf3 Qc7+ 51. Kh1 Qc1+ 52. Kh2 Qc7+ 53. Kh1 Rg6 54. Qe4 Qc1+ 55. Kh2 Qc7+ 56. Kh1 Qg3 57. Re8 Rxe8 58. Qxe8+ Rg8 59. Qc6 Qe1+ 60. Kh2 Qe5+ 61. Kh1 Rb8 62. Qe4 Qxe4 63. Bxe4 h5 64. Kg1 Rb2 65. Bf3 h4 66. Bc6 Kg7 67. Kh2 Kh6 68. Bd5 Kg5 69. Bc6 Kf4 70. Bd5 Ke3 71. Bc6 Rb3 72. Ba8 f5 73. Bd5 Rd3 74. Bb7 1/2-1/2

[Event "Rio de Janeiro Masters"]
[Site "Rio de Janeiro"]
[Date "2007.06.02"]
[Round "4"]
[White "Da Silva, Paolo Ghiu M Rego"]
[Black "Ferreira, Kleber Victor"]
[Result "1/2-1/2"]
[WhiteElo "2093"]
[BlackElo "2067"]
[PlyCount "80"]
[EventDate "2007.05.26"]
[EventType "swiss"]
[EventRounds "7"]
[EventCountry "BRA"]
[SourceTitle "EXT 2008"]
[Source "ChessBase"]
[SourceDate "2007.11.25"]
[SourceVersion "1"]
[SourceVersionDate "2007.11.25"]
[SourceQuality "1"]

1. d4 d5 2. c4 Bf5 3. Nc3 e6 4. Qb3 Nc6 5. Be3 Nf6 6. h3 Nb4 7. Rc1 dxc4 8. Qd1 c6 9. g4 Bg6 10. Bg2 Nfd5 11. Bd2 Nb6 12. a3 N4d5 13. e4 Nxc3 14. Bxc3 Be7 15. Ne2 Bg5 16. Bd2 f5 17. Nf4 Bxf4 18. Bxf4 fxe4 19. Be5 0-0 20. Qe2 e3 21. Qxe3 Bd3 22. h4 Nd5 23. Qd2 Rf7 24. g5 b5 25. Rh3 Bf5 26. Rg3 Qe7 27. h5 g6 28. h6 a5 29. Kf1 Qd7 30. Kg1 Bd3 31. Rf3 Raf8 32. Rxf7 Qxf7 33. Bxd5 exd5 34. Bf6 Qe6 35. Qf4 Re8 36. Qe5 Qf5 37. Qxf5 Bxf5 38. f4 b4 39. axb4 axb4 40. Ra1 Bd3 1/2-1/2

[Event "Rio de Janeiro Masters"]
[Site "Rio de Janeiro"]
[Date "2007.05.26"]
[Round "1"]
[White "Cunha, Eduardo Arruda da G"]
[Black "Da Silva, Paolo Ghiu M Rego"]
[Result "0-1"]
[WhiteElo "2257"]
[BlackElo "2093"]
[PlyCount "172"]
[EventDate "2007.05.26"]
[EventType "swiss"]
[EventRounds "7"]
[EventCountry "BRA"]
[SourceTitle "EXT 2008"]
[Source "ChessBase"]
[SourceDate "2007.11.25"]
[SourceVersion "1"]
[SourceVersionDate "2007.11.25"]
[SourceQuality "1"]

1. e4 c5 2. Nf3 d6 3. d4 cxd4 4. Nxd4 Nf6 5. Nc3 g6 6. Be3 Bg7 7. f3 0-0 8. Bc4 Nc6 9. Qd2 Bd7 10. 0-0-0 Rc8 11. Bb3 Ne5 12. h4 Nc4 13. Bxc4 Rxc4 14. h5 Nxh5 15. g4 Nf6 16. Nde2 Qa5 17. Bh6 Bh8 18. Kb1 Rfc8 19. Nd5 Qd8 20. c3 Nxd5 21. exd5 b5 22. Rc1 f5 23. Nd4 fxg4 24. fxg4 b4 25. Rhf1 bxc3 26. bxc3 Qb6+ 27. Qb2 Qxb2+ 28. Kxb2 Rxc3 29. Rxc3 Bxd4 30. Bd2 Bxg4 31. Rf4 Bxc3+ 32. Bxc3 h5 33. Re4 Kf7 34. Rf4+ Bf5 35. Ra4 Rc7 36. Bd4 Be4 37. Bxa7 Bxd5 38. Rf4+ Kg7 39. Be3 e5 40. Rf2 Be4 41. Bg5 Rf7 42. Bh6+ Kg8 43. Re2 Bf3 44. Rc2 d5 45. Bg5 d4 46. Rc8+ Kg7 47. a4 Rf5 48. Bd8 g5 49. a5 h4 50. a6 h3 51. Rc2 Rf7 52. Bc7 Kf6 53. Rf2 Rxc7 54. Rxf3+ Kg6 55. Rxh3 Ra7 56. Ra3 Kf5 57. Kc2 e4 58. Kd2 Kf4 59. Ra1 g4 60. Ke2 g3 61. Rf1+ Ke5 62. Ra1 Kd5 63. Ra5+ Kc4 64. Ra4+ Kc3 65. Ra3+ Kb4 66. Rxg3 Rxa6 67. Rg4 Re6 68. Rg1 Kc4 69. Rg8 Kd5 70. Rd8+ Rd6 71. Re8 Rc6 72. Kd2 e3+ 73. Kd3 Rc3+ 74. Ke2 Rc2+ 75. Kd1 Rd2+ 76. Ke1 Kc4 77. Ra8 Rc2 78. Kd1 Kd3 79. Ra3+ Rc3 80. Ra1 Rb3 81. Ke1 Rb2 82. Rd1+ Ke4 83. Ra1 Kf3 84. Kf1 d3 85. Kg1 Rg2+ 86. Kh1 Rg7 0-1

[Event "Rio de Janeiro Fexerj Masters"]
[Site "Rio de Janeiro"]
[Date "2003.??.??"]
[Round "2"]
[White "Da Silva, Paolo Ghiu M Rego"]
[Black "Rosa, Carlos Roberto"]
[Result "1/2-1/2"]
[WhiteElo "2114"]
[BlackElo "2250"]
[PlyCount "71"]
[EventDate "2003.06.18"]
[EventType "swiss"]
[EventRounds "7"]
[EventCountry "BRA"]
[SourceTitle "EXT 2007"]
[Source "ChessBase"]
[SourceDate "2006.11.23"]
[SourceVersion "1"]
[SourceVersionDate "2006.11.23"]
[SourceQuality "1"]

1. c4 Nf6 2. Nc3 e5 3. g3 Nc6 4. Bg2 Bb4 5. Nf3 0-0 6. 0-0 d6 7. d4 exd4 8. Nxd4 Nxd4 9. Qxd4 Re8 10. Bf3 h6 11. b3 c6 12. Bb2 Qe7 13. Ne4 Qe5 14. Nxf6+ gxf6 15. Rfd1 Bf5 16. a3 Qxd4 17. Rxd4 Bc5 18. Rf4 Bg6 19. Bxf6 a5 20. Rh4 Re6 21. Bc3 Bc2 22. Rg4+ Kf8 23. Bg7+ Ke7 24. Rh4 Bxb3 25. Bxh6 Rxh6 26. Rxh6 Bxc4 27. Rb1 Ra7 28. a4 Kd7 29. Rh4 b5 30. Rf4 Bb4 31. h4 Bc3 32. Bxc6+ Kxc6 33. axb5+ Kc5 34. Rc1 Kb4 35. Rb1+ Kc5 36. Rc1 1/2-1/2

[Event "Rio de Janeiro Fexerj Masters"]
[Site "Rio de Janeiro"]
[Date "2003.??.??"]
[Round "3"]
[White "Dias, Sergio S"]
[Black "Da Silva, Paolo Ghiu M Rego"]
[Result "1/2-1/2"]
[WhiteElo "2098"]
[BlackElo "2114"]
[PlyCount "59"]
[EventDate "2003.06.18"]
[EventType "swiss"]
[EventRounds "7"]
[EventCountry "BRA"]
[SourceTitle "EXT 2007"]
[Source "ChessBase"]
[SourceDate "2006.11.23"]
[SourceVersion "1"]
[SourceVersionDate "2006.11.23"]
[SourceQuality "1"]

1. d4 Nf6 2. c4 g6 3. Nc3 Bg7 4. e4 d6 5. f3 0-0 6. Be3 e5 7. Qd2 Nc6 8. Nge2 Nd7 9. d5 Ne7 10. h4 f5 11. Bg5 Nf6 12. 0-0-0 f4 13. Kb1 Nh5 14. Bxe7 Qxe7 15. Qe1 Bf6 16. Qf2 Bd7 17. Rc1 c6 18. b4 a5 19. dxc6 bxc6 20. b5 Be6 21. bxc6 Bxc4 22. Nxf4 Bxf1 23. Ncd5 Qe8 24. Nxh5 Bd3+ 25. Ka1 gxh5 26. Qd2 Ba6 27. Nc7 Qe7 28. Qxa5 Qd8 29. Qd5+ Rf7 30. Nxa8 1/2-1/2

[Event "Rio de Janeiro tt"]
[Site "Rio de Janeiro"]
[Date "2001.08.26"]
[Round "4"]
[White "Da Silva, Paolo Ghiu M Rego"]
[Black "Reis, Cesar Roberto da Si"]
[Result "1-0"]
[WhiteElo "2089"]
[BlackElo "1999"]
[PlyCount "87"]
[EventDate "2001.08.18"]
[EventType "team"]
[EventRounds "5"]
[EventCountry "BRA"]
[SourceTitle "EXT 2005"]
[Source "ChessBase"]
[SourceDate "2004.11.15"]
[SourceVersion "1"]
[SourceVersionDate "2004.11.15"]
[SourceQuality "1"]

1. e4 d6 2. d4 Nf6 3. f3 g6 4. c4 Bg7 5. Nc3 0-0 6. Be3 c5 7. dxc5 dxc5 8. Qxd8 Rxd8 9. Bxc5 Nc6 10. Rd1 Rxd1+ 11. Kxd1 Nd7 12. Ba3 Bxc3 13. bxc3 Nde5 14. f4 Ng4 15. Ke2 Be6 16. Kf3 Rd8 17. h3 Nf6 18. e5 Nd7 19. Ne2 Bxc4 20. Nd4 Nxd4+ 21. cxd4 Bd5+ 22. Kf2 e6 23. Bb5 Nb6 24. Bc5 Bxa2 25. Ra1 Bd5 26. Rxa7 Nc4 27. Bxc4 Bxc4 28. Rxb7 h5 29. g4 hxg4 30. hxg4 Ra8 31. Be7 Bd5 32. Rc7 Rb8 33. Kg3 Be4 34. Kh4 Kh7 35. Rc3 Re8 36. Bf6 g5+ 37. fxg5 Kg6 38. Kg3 Ra8 39. Kf4 Bg2 40. Rc2 Bh3 41. Rc3 Bf1 42. Kg3 Ra2 43. Rc8 Ra3+ 44. Kf2 1-0

[Event "Rio de Janeiro tt"]
[Site "Rio de Janeiro"]
[Date "2001.08.25"]
[Round "3"]
[White "Castro, Josimar Barroso"]
[Black "Da Silva, Paolo Ghiu M Rego"]
[Result "1/2-1/2"]
[WhiteElo "1904"]
[BlackElo "2089"]
[PlyCount "48"]
[EventDate "2001.08.18"]
[EventType "team"]
[EventRounds "5"]
[EventCountry "BRA"]
[SourceTitle "EXT 2005"]
[Source "ChessBase"]
[SourceDate "2004.11.15"]
[SourceVersion "1"]
[SourceVersionDate "2004.11.15"]
[SourceQuality "1"]

1. d4 Nf6 2. Nf3 g6 3. Bf4 Bg7 4. c3 0-0 5. h3 b6 6. Nbd2 Bb7 7. Qc2 d5 8. e3 Nbd7 9. Bd3 c5 10. b3 Rc8 11. Rc1 Re8 12. 0-0 cxd4 13. exd4 Nh5 14. Bg5 Qc7 15. Rfe1 e5 16. dxe5 Nxe5 17. Nxe5 Rxe5 18. Be3 f5 19. Nf3 Re7 20. c4 f4 21. Bd4 Rce8 22. Bxg7 Rxe1+ 23. Rxe1 Rxe1+ 24. Nxe1 Nxg7 1/2-1/2

[Event "Rio de Janeiro tt"]
[Site "Rio de Janeiro"]
[Date "2001.08.19"]
[Round "2"]
[White "Da Silva, Paolo Ghiu M Rego"]
[Black "Camilotti, Vicenzo Kuhn"]
[Result "1/2-1/2"]
[WhiteElo "2089"]
[BlackElo "2081"]
[PlyCount "40"]
[EventDate "2001.08.18"]
[EventType "team"]
[EventRounds "5"]
[EventCountry "BRA"]
[SourceTitle "EXT 2005"]
[Source "ChessBase"]
[SourceDate "2004.11.15"]
[SourceVersion "1"]
[SourceVersionDate "2004.11.15"]
[SourceQuality "1"]

1. e4 c5 2. Nc3 Nc6 3. g3 d6 4. Bg2 g6 5. d3 Bg7 6. Be3 Nf6 7. h3 0-0 8. Nge2 e5 9. 0-0 Be6 10. f4 Qd7 11. g4 exf4 12. Nxf4 Ne5 13. Nxe6 fxe6 14. Qd2 Rf7 15. Rf2 Raf8 16. Raf1 b6 17. Bh6 Ne8 18. Bxg7 Rxf2 19. Rxf2 Rxf2 20. Qxf2 Qxg7 1/2-1/2

[Event "Mangini Memorial"]
[Site "Rio de Janeiro"]
[Date "1999.??.??"]
[Round "2"]
[White "Carvalho, Carlos Alberto"]
[Black "Da Silva, Paolo Ghiu M Rego"]
[Result "1/2-1/2"]
[WhiteElo "2050"]
[BlackElo "2000"]
[PlyCount "20"]
[EventDate "1999.02.??"]
[EventType "tourn"]
[EventRounds "9"]
[EventCountry "BRA"]
[SourceTitle "EXT 2000"]
[Source "ChessBase"]
[SourceDate "1999.11.16"]
[SourceVersion "1"]
[SourceVersionDate "1999.11.16"]
[SourceQuality "1"]

1. d4 Nf6 2. Nd2 d5 3. e3 e6 4. f4 c5 5. c3 Nc6 6. Ngf3 b6 7. Bd3 Bd6 8. 0-0 0-0 9. Ne5 Bb7 10. Qf3 Qc7 1/2-1/2

[Event "Mangini Memorial"]
[Site "Rio de Janeiro"]
[Date "1999.??.??"]
[Round "9"]
[White "Da Silva, Paolo Ghiu M Rego"]
[Black "Manzi, Luiz Antonio Bardao"]
[Result "1-0"]
[WhiteElo "2000"]
[BlackElo "2150"]
[PlyCount "129"]
[EventDate "1999.02.??"]
[EventType "tourn"]
[EventRounds "9"]
[EventCountry "BRA"]
[SourceTitle "EXT 2000"]
[Source "ChessBase"]
[SourceDate "1999.11.16"]
[SourceVersion "1"]
[SourceVersionDate "1999.11.16"]
[SourceQuality "1"]

1. d4 Nf6 2. c4 e6 3. e3 b6 4. Nc3 Bb7 5. Nf3 Bb4 6. Bd2 c5 7. Bd3 d6 8. 0-0 0-0 9. Qc2 Nbd7 10. a3 Bxc3 11. Bxc3 e5 12. dxe5 dxe5 13. Nxe5 h6 14. Rad1 Qc7 15. Nxd7 Nxd7 16. Be4 Bxe4 17. Qxe4 Rfe8 18. Qg4 Ne5 19. Qg3 Qe7 20. Bxe5 Qxe5 21. Qxe5 Rxe5 22. Rd7 a6 23. Rfd1 b5 24. Rd8+ Re8 25. Rxe8+ Rxe8 26. cxb5 axb5 27. Kf1 Rb8 28. Rc1 c4 29. Ke2 Kf8 30. e4 Ke7 31. Ke3 b4 32. axb4 Rxb4 33. Rc2 Kd6 34. Kd4 c3+ 35. Kxc3 Rxe4 36. b4 Rh4 37. h3 Kc6 38. Kb3+ Kb6 39. Rc4 Rh5 40. Rg4 g6 41. Rf4 Rg5 42. g3 Rd5 43. Rxf7 Rd6 44. Kc4 Kc6 45. b5+ Kb6 46. Rf8 Re6 47. Kd5 Re2 48. Rf6+ Kxb5 49. Rxg6 Rxf2 50. Rxh6 Rg2 51. g4 Rd2+ 52. Ke5 Kc5 53. g5 Re2+ 54. Kf5 Kd5 55. Rf6 Rh2 56. Kg4 Rg2+ 57. Kh5 Ke5 58. h4 Ra2 59. Kg6 Ra8 60. Rf7 Ke6 61. h5 Ra5 62. Rf6+ Ke7 63. h6 Ra2 64. h7 Rh2 65. Kg7 1-0

[Event "Mangini Memorial"]
[Site "Rio de Janeiro"]
[Date "1999.??.??"]
[Round "6"]
[White "Di Berardino, Diego Rafael"]
[Black "Da Silva, Paolo Ghiu M Rego"]
[Result "1/2-1/2"]
[WhiteElo "2000"]
[BlackElo "2000"]
[PlyCount "85"]
[EventDate "1999.02.??"]
[EventType "tourn"]
[EventRounds "9"]
[EventCountry "BRA"]
[SourceTitle "EXT 2000"]
[Source "ChessBase"]
[SourceDate "1999.11.16"]
[SourceVersion "1"]
[SourceVersionDate "1999.11.16"]
[SourceQuality "1"]

1. e4 e6 2. d4 d5 3. Nd2 dxe4 4. Nxe4 Nd7 5. Nf3 Ngf6 6. Bd3 Be7 7. Ng3 b6 8. 0-0 Bb7 9. Re1 0-0 10. c3 c5 11. Bg5 h6 12. Be3 Nd5 13. Qd2 Nxe3 14. Qxe3 Nf6 15. Bc2 cxd4 16. Nxd4 Bc5 17. b4 Bxd4 18. cxd4 Qd6 19. Qd3 Rfd8 20. Rad1 Qxb4 21. f4 Rac8 22. f5 Bd5 23. fxe6 Bxe6 24. Ne4 Nxe4 25. Qxe4 g6 26. Qh4 Kg7 27. Rf1 Qd6 28. Qf6+ Kh7 29. Bd3 Bxa2 30. Qf2 Be6 31. Be4 f5 32. Bb1 Kg7 33. g4 Rf8 34. d5 Bd7 35. Qb2+ Qf6 36. Qa2 a5 37. gxf5 Qg5+ 38. Kh1 Bxf5 39. Qb2+ Qf6 40. Qg2 Kh7 41. d6 Rcd8 42. Bxf5 gxf5 43. Qb7+ 1/2-1/2